Potential Breakup Song - Aly & AJ (All Lyrics) - Statistics

General Stats
  • This quiz has been taken 14 times
  • The average score is 308 of 367
Answer Stats
Lyrics % Correct
a
100%
A
100%
along,
100%
along
100%
back
100%
birthday,
100%
birthday
100%
call
100%
Do
100%
fact
100%
For
100%
for
100%
forget
100%
I
100%
It
100%
it
100%
just
100%
long,
100%
long
100%
my
100%
played
100%
that
100%
that?
100%
the
100%
The
100%
to
100%
too
100%
took
100%
was
100%
Who
100%
who
100%
would
100%
you
100%
You
100%
you,
100%
you're
100%
You're
100%
And
92%
breakup
92%
Don't
92%
don't
92%
Except
92%
go
92%
he
92%
is
92%
know
92%
me
92%
me,
92%
normally,
92%
not
92%
of
92%
potential
92%
see
92%
So
92%
stupid
92%
What
92%
with
92%
be
83%
be?
83%
But
83%
did
83%
doesn't
83%
get
83%
gettin'
83%
Gettin'
83%
'gettin'
83%
guy
83%
has
83%
leaves
83%
let
83%
Let
83%
livin'
83%
Livin'
83%
please,
83%
please
83%
Please
83%
she
83%
song
83%
This
83%
type
83%
until
83%
Until
83%
We
83%
we
83%
all
75%
baby,
75%
can
75%
'Cause
75%
cracked
75%
got
75%
in
75%
kind
75%
off
75%
Oh,
75%
one
75%
Soon
75%
stuff
75%
tell
75%
'til
75%
til
75%
want
75%
will
75%
armor
67%
better
67%
care,
67%
cost
67%
I'm
67%
lost
67%
now
67%
Now
67%
or
67%
pay
67%
up
67%
winnin'
67%
Winnin'
67%
without
67%
Without
67%
boyfriend
58%
drop
58%
home
58%
Minus
58%
needs
58%
obviously,
58%
repeat
58%
right
58%
Wise
58%
won't
58%
admit
50%
box
50%
Rolled
50%
wrong
50%
album
42%
gonna
42%
lie
42%
Our
42%
try,
42%
try
42%
Before
33%
clearly,
33%
clearly
33%
die
33%
make
33%
miss
33%
nearly,
33%
nearly
33%
send
33%
situation
33%
think
33%
Which
33%
c'mon
25%
dearly,
25%
it'd
25%
mess
25%
No matching quizzes found
Score Distribution
Percent of People with Each Score
Percentile by Number Answered
Your Score History
You have not taken this quiz